<?xml version="1.0" encoding="UTF-8"?>
<collection xmlns="http://www.loc.gov/MARC21/slim">
 <record>
  <leader>01357nam a2200181Ia 4500</leader>
  <controlfield tag="001">CTU_23179</controlfield>
  <controlfield tag="008">210402s9999    xx            000 0 und d</controlfield>
  <datafield tag="082" ind1=" " ind2=" ">
   <subfield code="a">635.9344</subfield>
  </datafield>
  <datafield tag="082" ind1=" " ind2=" ">
   <subfield code="b">Ngh307</subfield>
  </datafield>
  <datafield tag="100" ind1=" " ind2=" ">
   <subfield code="a">Nguyễn Công Nghiệp</subfield>
  </datafield>
  <datafield tag="245" ind1=" " ind2="0">
   <subfield code="a">Trồng hoa lan</subfield>
  </datafield>
  <datafield tag="245" ind1=" " ind2="0">
   <subfield code="c">Nguyễn Công Nghiệp</subfield>
  </datafield>
  <datafield tag="260" ind1=" " ind2=" ">
   <subfield code="a">Tp. HCM</subfield>
  </datafield>
  <datafield tag="260" ind1=" " ind2=" ">
   <subfield code="b">Trẻ</subfield>
  </datafield>
  <datafield tag="260" ind1=" " ind2=" ">
   <subfield code="c">1998</subfield>
  </datafield>
  <datafield tag="520" ind1=" " ind2=" ">
   <subfield code="a">Sách cung cấp kiến thức về các điều kiện cơ bản mà cây hoa lan sống như ánh sáng, nhiệt độ, ẩm độ, sự tưới nước, sự thông gió. Đồng thời trình bày kỹ thuật trồng, chăm sóc, bón phân, phòng ngừa sâu bệnh. Sách còn cung cấp hiểu biết mùa lan ra hoa và làm thế nào để lan trổ hoa; cũng như hiểu biết được sự phân bố lan rừng Việt Nam để dễ dàng sưu tầm chúng. Ngoài ra, sách còn cung cấp kiến thức về việc lai giống và gieo hạt lan trong điều kiện không cần phòng lạnh. Cuối cùng, sách giới thiệu đại cương về hình thái giải phẫu, sinh lý, sinh thái của họ lan</subfield>
  </datafield>
  <datafield tag="650" ind1=" " ind2=" ">
   <subfield code="a">floriculture,orchids</subfield>
  </datafield>
  <datafield tag="980" ind1=" " ind2=" ">
   <subfield code="a">Trung tâm Học liệu Trường Đại học Cần Thơ</subfield>
  </datafield>
 </record>
</collection>
